|
|
|
|
| LEADER |
00000nam0a2200000 4500 |
| 001 |
287649 |
| 005 |
20231102000017.0 |
| 020 |
|
|
|a RU
|b 85-81071
|
| 035 |
|
|
|a (RuTPU)RU\TPU\book\312071
|
| 090 |
|
|
|a 287649
|
| 100 |
|
|
|a 20150318d1985 k y0rusy5003 ca
|
| 101 |
0 |
|
|a rus
|
| 102 |
|
|
|a RU
|
| 105 |
|
|
|a a z 001zy
|
| 200 |
1 |
|
|a Новые методы упрочнения упорядоченных сплавов
|f Б. А. Гринберг, В. И. Сюткина
|
| 210 |
|
|
|a Москва
|c Металлургия
|d 1985
|
| 215 |
|
|
|a 173 с.
|c ил.
|
| 320 |
|
|
|a Библиогр.: с. 168
|
| 606 |
1 |
|
|a Сплавы
|x Упорядочение
|2 stltpush
|3 (RuTPU)RU\TPU\subj\55875
|9 73829
|
| 610 |
1 |
|
|a деформационное упрочнение
|
| 610 |
1 |
|
|a механические свойства
|
| 610 |
1 |
|
|a экспериментальные данные
|
| 610 |
1 |
|
|a анализ
|
| 610 |
1 |
|
|a пластические деформации
|
| 675 |
|
|
|a 669.018:53
|v 3
|
| 700 |
|
1 |
|a Гринберг
|b Б. А.
|g Белла Александровна
|
| 701 |
|
1 |
|a Сюткина
|b В. И.
|g Валентина Ивановна
|
| 801 |
|
0 |
|a RU
|b RuMRKP
|c 19950704
|g psbo
|
| 801 |
|
1 |
|a RU
|b 63413507
|c 20150318
|
| 801 |
|
2 |
|a RU
|b 63413507
|c 20180320
|g RCR
|
| 942 |
|
|
|c BK
|